Statistics for Top 100 Footballers 2014

Click here to take the quiz!

General Stats

  • This quiz has been taken 727 times
    (714 since last reset)
  • The average score is 74 of 100

Answer Stats

No.NationalityPositionClubPlayer% Correct
1PortugalForwardReal MadridCristiano Ronaldo
100%
2ArgentinaForwardBarcelonaLionel Messi
99%
5WalesWingerReal MadridGareth Bale
98%
4UruguayForwardBarcelonaLuis Suarez
98%
7BrazilForwardBarcelonaNeymar
98%
3SwedenForwardPSGZlatan Ibrahimovic
98%
9BelgiumWingerChelseaEden Hazard
97%
6EnglandForwardManchester UnitedWayne Rooney
97%
15NetherlandsWingerBayern MunichArjen Robben
96%
8ColumbiaAttacking MidfielderReal MadridJames Rodriguez
96%
13SpainCentre MidfielderBarcelonaAndres Iniesta
95%
14ArgentinaForwardManchester CitySergio Aguero
95%
11FranceWingerBayern MunichFranck Ribery
94%
17SpainCentre MidfielderBarcelonaXavi
94%
24GermanyGoalkeeperBayern MunichManuel Neuer
93%
18GermanyAttacking MidfielderArsenalMesut Ozil
93%
12BrazilCentre HalfPSGThiago Silva
93%
19SpainAttacking MidfielderManchester CityDavid Silva
92%
20PolandForwardBayern MunichRobert Lewandowski
92%
10Ivory CoastCentre MidfielderManchester CityYaya Toure
92%
30FranceForwardReal MadridKarim Benzema
91%
27UruguayForwardPSGEdinson Cavani
90%
33CroatiaCentre MidfielderReal MadridLuka Modric
90%
16ChileCentre MidfielderJuventusArturo Vidal
89%
48ChileWingerArsenalAlexis Sanchez
88%
36GermanyForwardBayern MunichThomas Muller
88%
43ArgentinaWingerReal MadridAngel Di Maria
87%
34GermanyWingerBorussia DortmundMarco Reus
87%
40NetherlandsForwardManchester UnitedRobin Van Persie
87%
26BelgiumCentre HalfManchester CityVincent Kompany
86%
44Czech RepublicGoalkeeperChelseaPetr Cech
85%
64GermanyCentre MidfielderReal MadridToni Kroos
84%
28ItalyCentre MidfielderJuventusAndrea Pirlo
83%
21SpainForwardChelseaDiego Costa
83%
41GermanyFullbackBayern MunichPhilipp Lahm
83%
39ColumbiaForwardAS MonacoRadamel Falcao
83%
35SpainHolding MidfielderBarcelonaSergio Busquets
83%
50ArgentinaForwardNapoliGonzalo Higuain
81%
32GermanyCentre HalfBorussia DortmundMats Hummels
81%
79Ivory CoastForwardChelseaDidier Drogba
80%
60SpainCentre HalfBarcelonaGerard Pique
80%
76SpainCentre HalfReal MadridSergio Ramos
80%
37WalesCentre MidfielderArsenalAaron Ramsey
79%
70FranceCentre MidfielderJuventusPaul Pogba
79%
61BelgiumGoalkeeperChelseaThibaut Courtois
79%
42SpainCentre MidfielderChelseaCesc Fabregas
78%
25ItalyCentre HalfJuventusGiorgio Chiellini
78%
100BrazilFullbackReal MadridMarcelo
78%
52DenmarkCentre MidfielderTottenham HotspursChristian Eriksen
76%
85FranceGoalkeeperTottenham HotspursHugo Lloris
76%
49BrazilWingerZenit St PetersburgHulk
76%
53EnglandCentre HalfChelseaJohn Terry
76%
56SpainAttacking MidfielderManchester UnitedJuan Mata
76%
23GermanyAttacking MidfielderBayern MunichMario Götze
76%
46SpainWingerBarcelonaPedro
76%
63EnglandCentre MidfielderLiverpoolSteven Gerrard
76%
73GermanyCentre HalfBayern MunichJerome Boateng
75%
29GermanyCentre MidfielderBayern MunichBastian Schweinsteiger
74%
81BrazilFullbackBarcelonaDaniel Alves
74%
51CroatiaForwardAtletico MadridMario Mandzukic
74%
84AustriaFullbackBayern MunichDavid Alaba
73%
31ArgentinaForwardJuventusCarlos Tevez
72%
93Bosnia-herzegovinaForwardManchester CityEdin Dzeko
72%
94CroatiaCentre MidfielderBarcelonaIvan Rakitic
72%
58SpainHolding MidfielderReal MadridXabi Alonso
72%
54SlovakiaAttacking MidfielderNapoliMarek Hamsik
71%
90BrazilAttacking MidfielderChelseaOscar
71%
22ItalyHolding MidfielderAS RomaDaniele De Rossi
69%
69UruguayCentre HalfAtletico MadridDiego Godin
69%
45ArgentinaWingerPSGEzequiel Lavezzi
69%
65ArgentinaHolding MidfielderBarcelonaJavier Mascherano
69%
71TurkeyWingerAtletico MadridArda Turan
68%
67SpainMidfielderAtletico MadridKoke
66%
89NetherlandsCentre MidfielderGalatasaray SKWesley Sneijder
63%
86FranceWingerReal SociedadAntoine Griezmann
62%
91SpainAttacking MidfielderArsenalSanti Cazorla
62%
80ArgentinaFullbackManchester CityPablo Zabaleta
61%
77FranceCentre MidfielderPSGBlaise Matuidi
60%
92SpainCentre MidfielderReal MadridIsco
60%
75NetherlandsForwardSchalke 04Klass-Jan Huntelaar
60%
62SpainWingerManchester CityJesus Navas
59%
47PortugalCentre MidfielderAS MonacoJoao Moutinho
59%
68ItalyCentre MidfielderJuventusClaudio Marchisio
58%
38MoroccoCentre HalfAS RomaMehdi Benatia
58%
83FranceCentre MidfielderManchester CitySamir Nasri
56%
66ItalyForwardAC MilanMario Balotelli
55%
78FranceCentre HalfArsenalLaurent Koscielny
54%
98ColumbiaForwardFC PortoJackson Martinez
52%
96PolandFullbackBorussia DortmundLukasz Piszczek
50%
87GermanyCentre MidfielderBorussia DortmundIlkay Gundogan
45%
88BrazilHolding MidfielderVFL WolfsburgLuiz Gustavo
45%
95SpainForwardManchester CityAlvaro Negredo
44%
72NetherlandsHolding MidfielderAS RomaKevin Strootman
44%
74PolandWingerBorussia DortmundJakub Blaszczykowski
41%
99MexicoForwardReal SociedadCarlos Vela
40%
55ArgentinaCentre HalfZenit St PetersburgEzequiel Garay
40%
57FranceCentre MidfielderPSGYohan Cabaye
31%
59FranceWingerMarseilleMathieu Valbuena
29%
97BrazilAttacking MidfielderFenerbahce SKDiego
27%
82ItalyCentre MidfielderAC MilanRiccardo Montolivo
25%

Score Distribution

Percentile by Number Answered

Percent of People with Each Score

Your Score History

You have not taken this quiz since the last reset